00676naa#a2200157#i#4500001001600000005001700016011001400033100004100047102000700088200018500095210010500280215001000385608004500395700005200440856002600492RU\\bibl\10339020260705174424.7##a2542-1840##a20260630b2026####ek#y0rusy0150####ca##aRU1#aРазработка оценочных средств по дисциплине «Иностранный язык» для аспирантовeЖурнальная статья1#aКемеровоcКемеровский государственный университетd2026##a8 с.##aЖурнальная статья2local#1aФедороваgНаталия Юрьевна4#avestnik-bees.kemsu.ru